Information system concepts : an integrated discipline emerging : IFIP TC8/WG8.1 International Conference on Information System Concepts : an integrated discipline emerging (ISCO-4) : September 20-22, 1999, University of leiden, The Netherlands
Αποθηκεύτηκε σε:
| Συγγραφή απο Οργανισμό/Αρχή: | |
|---|---|
| Άλλοι συγγραφείς: | , , |
| Μορφή: | Πρακτικό Συνεδρίου Βιβλίο |
| Γλώσσα: | English |
| Δημοσίευση: |
Boston :
Kluwer,
c2000.
|
| Σειρά: | International Federation for Information Processing (Series)
36 |
| Θέματα: | |
| Ετικέτες: |
Προσθήκη ετικέτας
Δεν υπάρχουν, Καταχωρήστε ετικέτα πρώτοι!
|
MARC
| LEADER | 00000cam a2200000 i 4500 | ||
|---|---|---|---|
| 001 | 1/21912 | ||
| 008 | 011001s2000 mau| ||| |||| ||eng|| | ||
| 020 | |a 0792378067 | ||
| 035 | |l 10067380 | ||
| 040 | |a GR-MyUa |b gre |e AACR2 | ||
| 041 | 0 | |a eng | |
| 082 | 7 | |a 005.74 |2 (21) | |
| 111 | 2 | |a IFIP International Working Conference on Information System Concepts |n (4th : |d 1999 : |c University of Leiden) | |
| 245 | 1 | 0 | |a Information system concepts : |b an integrated discipline emerging : IFIP TC8/WG8.1 International Conference on Information System Concepts : an integrated discipline emerging (ISCO-4) : September 20-22, 1999, University of leiden, The Netherlands / |c edited by Eckhard D. Falkenberg, Kalle Lyytinen and Alexander A. Verrijn-Stuart. |
| 260 | |a Boston : |b Kluwer, |c c2000. | ||
| 300 | |a x, 340 σ. : |b εικ. ; |c 24 εκ. | ||
| 490 | 1 | |a (International Federation for Information Processing ; |v 36) | |
| 504 | |a Περιλαμβάνει βιβλιογραφέις και ευρετήριο. | ||
| 650 | 0 | |a Database management |x Congresses. | |
| 700 | 1 | |a Falkenberg, Eckhard D., |d 1942- |e edt | |
| 700 | 1 | |a Lyytinen, Kalle, |d 1953- |e edt | |
| 700 | 1 | |a Verrijn Stuart, A. A. |e edt | |
| 830 | 0 | |a International Federation for Information Processing (Series) |v 36 | |
| 852 | |a INST |b SYROS |e 20011001 |h 005.74 IFI |p 005500001046 |q 005500001046 |t BK |y 0 | ||
| 852 | |a INST |b SYROS |e 20011001 |h 005.74 IFI |p 005500001047 |q 005500001047 |t BK |y 0 | ||
| 901 | |a BIBL5-2001-3 | ||
| 922 | |a 5ΕΛΗ |b 200108 |c ΕΠΕΑΕΚ2/183 |d Παπασωτηρίου | ||
| 970 | |a Κρητικού |b Θωμαΐς |z 01/10/2001 | ||